Applied calculus

Saved in:
Bibliographic Details
Other Authors: Hughes-Hallett, Deborah
Format: Book
Language:English
Published: Hoboken, NJ : Wiley, c2006
Edition:3rd ed.
Subjects:
Tags: Add Tag
No Tags, Be the first to tag this record!

MARC

LEADER 00000nam a2200000 i 4500
001 1/75268
008 080221s2006 eng d
020 |a 978-0-471-73924-1 
020 |a 0-47173924-3 
035 |l 10094877 
040 |a GR-MY-UA  |b gre  |e aacr 
041 0 |a eng 
082 0 |a 515  |2 (22) 
245 1 0 |a Applied calculus /  |c Deborah Hughes-Hallett ... [κ.ά] 
250 |a 3rd ed. 
260 |a Hoboken, NJ :   |b Wiley,   |c c2006 
300 |a xx, 506 σ.;  |b εικ.;  |c 27 εκ. 
504 |a Περιλαμβάνει ευρετήριο 
650 0 0 |a Calculus  |x Textbooks. 
700 1 |a Hughes-Hallett, Deborah. 
852 |a INST  |b CHIOS  |e 20080221  |h 515 APP  |p 005200027750  |q 005200027750  |t BK  |y 0 
901 |a BIBL2-2008-1 
909 |a Χ  |b 145609 
922 |a 2ΕΛΗ  |b 200801  |c ΕΠΕΑΕΚ2/ΤΜΟΔ  |d ΕΛΕΥΘΕΡΟΥΔΑΚΗΣ 
970 |a ΒΑΡΦΗΣ  |b ΒΑΓΓΕΛΗΣ  |z 2008/02/21